<?xml version="1.0" encoding="UTF-8"?>
<record
    xmlns:xsi="http://www.w3.org/2001/XMLSchema-instance"
    xsi:schemaLocation="http://www.loc.gov/MARC21/slim http://www.loc.gov/standards/marcxml/schema/MARC21slim.xsd"
    xmlns="http://www.loc.gov/MARC21/slim">

  <leader>01223nam a2200265Ia 4500</leader>
  <controlfield tag="003">OSt</controlfield>
  <controlfield tag="005">20241203102958.0</controlfield>
  <controlfield tag="008">200812s9999    xx            000 0 und d</controlfield>
  <datafield tag="020" ind1=" " ind2=" ">
    <subfield code="a">9623660464</subfield>
  </datafield>
  <datafield tag="040" ind1=" " ind2=" ">
    <subfield code="c">0</subfield>
  </datafield>
  <datafield tag="041" ind1=" " ind2=" ">
    <subfield code="a">chi</subfield>
  </datafield>
  <datafield tag="050" ind1=" " ind2=" ">
    <subfield code="a">BS605.2</subfield>
    <subfield code="b">.D6612 1995</subfield>
  </datafield>
  <datafield tag="100" ind1=" " ind2=" ">
    <subfield code="a">&#x675C;&#x6C38;&#x5609;</subfield>
  </datafield>
  <datafield tag="245" ind1=" " ind2=" ">
    <subfield code="a">&#x8056;&#x7D93;&#x771F;&#x7406;&#x767E;&#x8AB2;:</subfield>
    <subfield code="b">&#x4E0A; = One hundred Bible lessons /</subfield>
    <subfield code="c">&#x675C;&#x6C38;&#x5609;&#x8457;; &#x5289;&#x88D5;&#x6F22; &#x8B6F;</subfield>
  </datafield>
  <datafield tag="246" ind1=" " ind2=" ">
    <subfield code="a">&#x5723;&#x7ECF;&#x771F;&#x7406;&#x767E;&#x8BFE;. &#x4E0A;</subfield>
  </datafield>
  <datafield tag="260" ind1=" " ind2=" ">
    <subfield code="a">&#x9999;&#x6E2F;:</subfield>
    <subfield code="b">&#x6668;&#x661F;&#x51FA;&#x7248;&#x793E;,</subfield>
    <subfield code="c">1995</subfield>
  </datafield>
  <datafield tag="300" ind1=" " ind2=" ">
    <subfield code="a">228 P.</subfield>
    <subfield code="b">;</subfield>
    <subfield code="c">25 cm.</subfield>
  </datafield>
  <datafield tag="500" ind1=" " ind2=" ">
    <subfield code="a">Translation of: One hundred Bible lessons.</subfield>
  </datafield>
  <datafield tag="505" ind1=" " ind2=" ">
    <subfield code="a">&#x4F5C;&#x8005;&#x57F7;&#x6559;&#x65BC;&#x8056;&#x7D93;&#x5B78;&#x9662;&#x591A;&#x5E74;&#xFF0C;&#x8457;&#x6709;&#x591A;&#x7A2E;&#x795E;&#x5B78;&#x6559;&#x79D1;&#x66F8;&#x3002;&#x672C;&#x66F8;&#x5206;&#x4E0A;&#x4E0B;&#x518A;&#xFF0C;&#x5C07;&#x8056;&#x7D93;&#x771F;&#x7406;&#x4F5C;&#x7CFB;&#x7D71;&#x7684;&#x7C21;&#x660E;&#x95E1;&#x8FF0;&#xFF0C;&#x4E26;&#x7D50;&#x5408;&#x4E00;&#x822C;&#x793E;&#x6703;&#x554F;&#x984C;&#x548C;&#x4FE1;&#x5F92;&#x61C9;&#x6301;&#x7684;&#x614B;&#x5EA6;&#xFF0C;&#x5747;&#x6709;&#x7368;&#x5230;&#x898B;&#x89E3;&#x3002;&#x662F;&#x4FE1;&#x5F92;&#x683D;&#x57F9;&#x3001;&#x8A13;&#x7DF4;&#xFF0C;&#x53CA;&#x6559;&#x7267;&#x4EBA;&#x54E1;&#x4E0D;&#x53EF;&#x7F3A;&#x5C11;&#x7684;&#x826F;&#x597D;&#x53C3;&#x8003;&#x66F8;&#x3002; &#x8056;&#x7D93;&#x771F;&#x7406;&#x767E;&#x8AB2;&#x662F;&#x4E00;&#x672C;&#x66A2;&#x92B7;&#x65BC;&#x6771;&#x897F;&#x65B9;&#x7684;&#x8056;&#x7D93;&#x6559;&#x79D1;&#x66F8;&#x3002;&#x5C0D;&#x95E1;&#x660E;&#x771F;&#x9053;&#xFF0C;&#x7368;&#x5177;&#x5353;&#x898B;&#xFF0C;&#x5341;&#x5206;&#x9069;&#x5408;&#x4E00;&#x822C;&#x7A0B;&#x5EA6;&#x4E4B;&#x4FE1;&#x5F92;&#x500B;&#x4EBA;&#x9748;&#x4FEE;&#xFF0C;&#x6216;&#x4F5C;&#x8056;&#x7D93;&#x8981;&#x9053;&#x8A13;&#x7DF4;&#x73ED;&#x8AB2;&#x7A0B;&#x4E4B;&#x7528;&#x3002;</subfield>
  </datafield>
  <datafield tag="650" ind1=" " ind2=" ">
    <subfield code="a">Christian life -- Biblical teaching.</subfield>
  </datafield>
  <datafield tag="650" ind1=" " ind2=" ">
    <subfield code="a">Theology, Doctrinal -- Textbooks.</subfield>
  </datafield>
  <datafield tag="700" ind1=" " ind2=" ">
    <subfield code="a">&#x5289;&#x88D5;&#x6F22;</subfield>
  </datafield>
  <datafield tag="942" ind1=" " ind2=" ">
    <subfield code="2">ddc</subfield>
    <subfield code="c">CB</subfield>
  </datafield>
  <datafield tag="949" ind1=" " ind2=" ">
    <subfield code="v">v. 1</subfield>
  </datafield>
  <datafield tag="952" ind1=" " ind2=" ">
    <subfield code="0">0</subfield>
    <subfield code="1">0</subfield>
    <subfield code="4">0</subfield>
    <subfield code="7">0</subfield>
    <subfield code="a">GETS</subfield>
    <subfield code="b">GETS</subfield>
    <subfield code="c">GEN</subfield>
    <subfield code="d">2020-08-12</subfield>
    <subfield code="l">0</subfield>
    <subfield code="o">BS605.2 .D6612 1995</subfield>
    <subfield code="p">00001061</subfield>
    <subfield code="r">2020-08-12 00:00:00</subfield>
    <subfield code="w">2020-08-12</subfield>
    <subfield code="y">CB</subfield>
  </datafield>
  <datafield tag="999" ind1=" " ind2=" ">
    <subfield code="c">2206</subfield>
    <subfield code="d">2206</subfield>
  </datafield>
</record>
